<?xml version="1.0" encoding="UTF-8"?><?xml-stylesheet type="text/xsl" href="static/style.xsl"?><OAI-PMH xmlns="http://www.openarchives.org/OAI/2.0/" xmlns:xsi="http://www.w3.org/2001/XMLSchema-instance" xsi:schemaLocation="http://www.openarchives.org/OAI/2.0/ http://www.openarchives.org/OAI/2.0/OAI-PMH.xsd"><responseDate>2026-06-03T05:40:09Z</responseDate><request verb="GetRecord" identifier="oai:riuma.uma.es:10630/34073" metadataPrefix="marc">https://riuma.uma.es/rest/oai/request</request><GetRecord><record><header><identifier>oai:riuma.uma.es:10630/34073</identifier><datestamp>2026-02-03T11:15:41Z</datestamp><setSpec>com_10630_2254</setSpec><setSpec>col_10630_37953</setSpec></header><metadata><record xmlns="http://www.loc.gov/MARC21/slim" xmlns:dcterms="http://purl.org/dc/terms/" xmlns:doc="http://www.lyncode.com/xoai" xmlns:xsi="http://www.w3.org/2001/XMLSchema-instance" xsi:schemaLocation="http://www.loc.gov/MARC21/slim http://www.loc.gov/standards/marcxml/schema/MARC21slim.xsd">
   <leader>00925njm 22002777a 4500</leader>
   <datafield ind2=" " ind1=" " tag="042">
      <subfield code="a">dc</subfield>
   </datafield>
   <datafield ind2=" " ind1=" " tag="720">
      <subfield code="a">Rueda-Gallego, Pilar</subfield>
      <subfield code="e">author</subfield>
   </datafield>
   <datafield ind2=" " ind1=" " tag="720">
      <subfield code="a">Fernández-Berrocal, Pablo</subfield>
      <subfield code="e">author</subfield>
   </datafield>
   <datafield ind2=" " ind1=" " tag="720">
      <subfield code="a">Schonert-Reichl, Kimberly</subfield>
      <subfield code="e">author</subfield>
   </datafield>
   <datafield ind2=" " ind1=" " tag="260">
      <subfield code="c">2014</subfield>
   </datafield>
   <datafield ind2=" " ind1=" " tag="520">
      <subfield code="a">The present study explored the mediating role of cognitive and affective&#xd;
components of empathy in the relationship between happiness and positive and&#xd;
negative affect in adolescents with Asperger Syndrome (AS) and their non-AS peers.&#xd;
For that purpose, we measured empathy, subjective happiness, and affect experienced&#xd;
by a group of 42 adolescents with AS compared to 44 of their non-AS peers.&#xd;
Adolescents in both groups were matched on age, sex, and IQ, and were administered&#xd;
a battery of measures assessing their self-reports of empathy, perspective-taking,&#xd;
subjective happiness, and positive and negative affect. Findings revealed that adolescents&#xd;
with AS, in contrast to their peers without AS, reported less subjective happiness, less&#xd;
positive affect, and lower affective balance. No differences were found between the two&#xd;
groups on negative affect. A mediating role of both cognitive and affective components of&#xd;
empathy was found between happiness, positive affect, and affective balance experienced&#xd;
in relation to AS. Theoretical and practical implications of these results are discussed.</subfield>
   </datafield>
   <datafield ind1="8" ind2=" " tag="024">
      <subfield code="a">Rueda, P., Fernández-Berrocal, P. &amp; Schonert-Reichl, K.A. Perspective-Taking and Empathic Concern as Mediators for Happiness and Positive Affect in Adolescents With and Without Asperger Syndrome. J Dev Phys Disabil 26, 717–735 (2014). https://doi.org/10.1007/s10882-014-9391-3</subfield>
   </datafield>
   <datafield ind1="8" ind2=" " tag="024">
      <subfield code="a">https://hdl.handle.net/10630/34073</subfield>
   </datafield>
   <datafield ind1="8" ind2=" " tag="024">
      <subfield code="a">10.1007/s10882-014-9391-3</subfield>
   </datafield>
   <datafield tag="653" ind2=" " ind1=" ">
      <subfield code="a">Asperger, Síndrome de</subfield>
   </datafield>
   <datafield ind2="0" ind1="0" tag="245">
      <subfield code="a">Perspective-Taking and Empathic Concern as Mediators for Happiness and Positive Affect in Adolescents With and Without Asperger Syndrome</subfield>
   </datafield>
</record>
</metadata></record></GetRecord></OAI-PMH>